| 000 | 00754cam a22002174a 4500 | ||
|---|---|---|---|
| 001 | 12489477 | ||
| 005 | 20130130114332.0 | ||
| 008 | 010731s2003 dcu b i000 0 eng | ||
| 020 | _a1589060458 (alk. paper) | ||
| 020 | _a9781589061941 | ||
| 082 | 0 | 0 |
_a352.45 _222 _bGUI |
| 245 | 0 | 0 |
_aGuidelines for Public Debt Management / _cprepared by the staffs of the International Monetary Fund and the World Bank. |
| 260 |
_aWashington, DC : _bInternational Monetary Fund : _bWorld Bank, _cc2003. |
||
| 300 |
_a261 p. ; _bill. : _c28 cm. |
||
| 504 | _aIncludes bibliographical references. | ||
| 650 | 0 |
_aDebts, Public. _932129 |
|
| 653 |
_bEco _cJanuary2013 |
||
| 710 | 2 |
_aInternational Monetary Fund. _932130 |
|
| 710 | 2 |
_aWorld Bank. _932131 |
|
| 942 |
_2ddc _cBB |
||
| 999 |
_c17170 _d17142 |
||